00687nam a2200181 a 450000100100000000500170001000800410002704000250006808200150009310000300010824500970013826000370023530000210027250400730029304900090036695201130037599900170048800001655020200929164928.0100308s1984 dr 000 0 spa d aDO-SdBNPbspacBNPHU axxxxbK19a1 aKassa Acta, Rafael93679610aAportes a la introducción de la historiografía médica dominicana /cRafael Kasse Acta. aSanto Domingo :bCENAPEC,c1984. a108 p. ;c22 cm. aIncluye referencias bibliográficas y notas al pie de las páginas aBNPD 0010718PDaPDbPDcCTd2010-03-08iLF1l0oxxxx K19ap16550-10r2020-06-25w2020-06-25yLFPDZNo se presta c16083d16083